000 00557nam a2200169 4500
001 130991
003 ES-MaACL
005 20230906193907.0
007 t|
008 070214s1967 sp r ||||1| spa d
100 1 _aRoch Carulla, Juan.
_998044
245 1 3 _aLa caza mayor en la provincia de Lérida /
_cJuan Roch Carulla.
260 _a[S.l.] :
_bLérida,
_cInstituto de Estudios Ilerdenses (
_f1967)
300 _a70 p., 2 lám. :
_bil. ;
_c24 cm +
_e1 map.
710 2 _aInstituto de Estudios Ilerdenses.
_94911
852 _aES-MaACL
_jC-34356
_bR.65011
999 _c130991
_d130991